| 000 | 02234nam a2200301Ia 4500 | ||
|---|---|---|---|
| 999 |
_c55628 _d55628 |
||
| 001 | 22723 | ||
| 003 | GE_BSU | ||
| 005 | 20221219141859.0 | ||
| 008 | 181216s2017||||ge |||||||||||||| ||geo|| | ||
| 020 | _a9789941097409 | ||
| 040 | _cGE_BSU | ||
| 041 | _ageo | ||
| 080 | _a613.83:616.89.008(075.8) ჯ-14 | ||
| 100 |
_aჯავახიშვილი, ჯანა. _916488 |
||
| 245 |
_aნარკოტიკების ავადმოხმარების პრევენცია : _bცხოვრების ჯანსაღი სტილის დამკვიდრების მიდგომა : სახელმძღვანელო ადიქტოლოგებისთვის, ფსიქოლოგებისთვის, პედაგოგებისთვის, სკოლის ადმინისტრაციისა და პრევენციით დაინტერესებული სხვა მომიჯნავე პროფესიების წარმომადგენლებისათვის / _cჯანა ჯავახიშვილი ; სტილისტური რედაქტორი რუსუდან ჩინჩალაძე ; მხატვარი ნატო ბაგრატიონი ; დიზაინი გიორგი ბაგრატიონი. |
||
| 250 | _aმე-3გამოცემა. | ||
| 264 |
_aთბილისი : _bნეკერი, _c2017. |
||
| 300 |
_a196 გვ.; _bნახ.; _c20 სმ. |
||
| 504 | _aბიბლიოგრ.: გვ. 184-194 | ||
| 520 | _aგამოცემულია ევროკომისიის დაფინანსებით. | ||
| 541 | _h8ლ. | ||
| 653 | _aმედიცინა | ||
| 653 | _aნარკომანიის პრევენცია | ||
| 700 |
_aჩინჩალაძე, რუსუდან _eრედაქტორი _916490 |
||
| 700 |
_aბაგრატიონი, ნატო _eმხატვარი _916491 |
||
| 700 |
_aბაგრატიონი, გიორგი _eდიზაინერი. _916493 |
||
| 942 |
_cBK _2udc |
||